Gabilex Revista del gabinete jurd̕ico de Castilla la Mancha

Detalles Bibliográficos
Formato: Artículo
Lenguaje:español
Publicado: Toledo : Gabinete juridico de la junta de comunidades de castilla la mancha, 2015 -
Materias:
Acceso en línea:Acceso restringido

MARC

LEADER 00000nab a22000007a 4500
005 20170406114911.0
007 cr|||| ||u|
008 170406c20159999sp qr||s |||| 0|||b1spa d
035 |a 14791 
040 |a vLex 
090 |c 6632  |d 6632 
245 0 0 |a Gabilex  |h [Recurso electrn̤ico] :  |b Revista del gabinete jurd̕ico de Castilla la Mancha 
256 |a Servicio en ln̕ea 
260 |a Toledo :  |b Gabinete juridico de la junta de comunidades de castilla la mancha,  |c 2015 -  
300 |a 1 recurso electrn̤ico 
310 |a Trimestral 
362 |a Nm︢. 1 (2015) - 
506 1 |a Contenido disponible en los productos indicados  |d vLex Global  |d vLex Global (Academic Edition, excluding Law Schools)  |d vLex Global (U.S. Academic Edition, Law Schools)  |d vLex Global (U.S. Academic Edition, excluding Law Schools)  |d vLex Global (Academic Edition, Law Schools) 
650 0 4 |a Derecho civil  |z Espaą 
650 0 4 |a Derecho penal  |z Espaą 
650 0 4 |a Derecho fiscal  |z Espaą 
650 0 4 |a Derecho administrativo  |z Espaą 
650 0 4 |a Derecho laboral  |z Espaą 
650 0 4 |a Derecho Constitucional  |z Espaą 
740 0 |a vLex Revistas (Servicio en ln̕ea) 
856 4 0 |u http://vlex.com/source/gabilex-revista-gabinete-juridico-castilla-mancha-14791  |z Acceso restringido 
942 |c REV 
999 0 |a Civil law 
999 0 |a Criminal law 
999 0 |a Taxation 
999 0 |a Labor laws and legislation 
999 0 |a Administrative law 
999 0 |a Constitutional law